Visualizzazione normale
Vista MARC
- D'Urbino L., Colleoni M., Avanzi B., Nava G., Bresciani R., Mazzucchelli F
di Personal Name
Records bibliografici associati: 1
001 - CONTROL NUMBER
- control field: 59764
003 - CONTROL NUMBER IDENTIFIER
- control field:
005 - DATE AND TIME OF LATEST TRANSACTION
- control field: 20230323101302.0
008 - FIXED-LENGTH DATA ELEMENTS
- fixed length control field: 230323|| aca||aabn | a|a d
040 ## - CATALOGING SOURCE
- Original cataloging agency:
- Transcribing agency:
100 ## - HEADING--PERSONAL NAME
- Personal name: D'Urbino L., Colleoni M., Avanzi B., Nava G., Bresciani R., Mazzucchelli F
670 ## - SOURCE DATA FOUND
- Source citation: Work cat.: ()207146: Speranza Bianco (et al.) 59763, Affido familiare tra legge ed operatività, 2002